| 000 | 00461nam a2200205Ia 4500 | ||
|---|---|---|---|
| 003 | OSt | ||
| 005 | 20140318092458.0 | ||
| 008 | 140130s9999 xx 000 0 und d | ||
| 020 | _a9780439242196 | ||
| 050 |
_aPZ 7 _b.Av953Mi 1999 |
||
| 100 | _aAvi | ||
| 245 |
_aMidnight magic / _cAvi |
||
| 260 |
_bScholastic, _c1999. _aNew York : |
||
| 300 |
_a247 p. : _c18 cm. |
||
| 440 | _v1 | ||
| 521 | _aG4 | ||
| 526 | _c660 | ||
| 942 |
_cBK _2lcc |
||
| 999 |
_c40906 _d40906 |
||